| 000 | 00805nam a2200217 a 4500 | ||
|---|---|---|---|
| 005 | 20241203100704.0 | ||
| 008 | 241203t 2024my ||||| |||| 00| 0 may d | ||
| 020 | _a9786299507703 | ||
| 040 | _aAKMAL | ||
| 082 | _a297.57 ARA | ||
| 090 | 0 | 0 |
_a297.57 _bARA |
| 100 | 0 |
_aAbd. Rahman Abd. Hamid, _99572 |
|
| 245 | 1 | 0 |
_aRESEPI KE PUNCAK KEJAYAAN : _bKUALITI DIRI.KUALITI GERAK KERJA.KUALITI PENGURUSAN MASA / _cABD RAHMAN ABD HAMID |
| 264 | 1 |
_aSeremban, Negeri Sembilan : _bAbd Rahman Bin Abd Hamid, _c2024 |
|
| 300 |
_axiv, 226ms. _bcol. ill; _c21cm |
||
| 650 | 1 | 0 |
_aMotivation (Psychology) _xReligious aspects _xIslam _99310 |
| 650 | 2 | 0 |
_aSelf-actualization (Psychology) _xReligious aspects _xIslam _91368 |
| 650 | 2 | 0 |
_aSuccess _xPsychology aspects _99573 |
| 650 | 2 | 0 |
_aMuslims _xConduct of life |
| 942 |
_2ddc _cBOOK |
||
| 999 |
_c5014 _d5014 |
||